000 00361nam a2200157Ia 4500
003 OSt
005 20240207170017.0
008 170524s9999 xx 000 0 und d
020 _a978-9353162498
040 _cIIMT UNIVERSITY
100 _aPAUL- JUSTIN
100 _c2010
245 0 _aBUSINESS ENVIRONMENTAL
260 _aTATA MC GRAW HILL
942 _2ddc
_c01
999 _c2672
_d2672